| 000 | 00939cam a2200217 4500 | ||
|---|---|---|---|
| 001 | WB3842-08 | ||
| 008 | 021113n2002 000 0 eng u | ||
| 035 | _a(Sirsi) u120447 | ||
| 245 | _aBuy to let market - buoyant but cautious | ||
| 260 | _c2002 | ||
| 490 |
_aAssociation of Residential Letting Agents Press Release _v 12 November 2002 (2) |
||
| 520 | _aNew figures from the "Survey of trends" by the Association of Residential Letting Agents (ARLA), show that the buy to let market is buoyant but investors are wary. In the six months to the end of September the number of new buy to let loans rose 30%, although the average value of a loan was just 2.4% higher at £80 100. http://www.arla.co.uk/news/12nov2002.htm | ||
| 590 | _aWB | ||
| 650 | _aLETTING AGENTS | ||
| 650 | _aARLA | ||
| 650 | _aASSOCIATION OF RESIDENTIAL LETTING AGENTS | ||
| 650 | _aBUY-TO-LET | ||
| 650 | _aINVESTMENT | ||
| 690 | _aHOUSING | ||
| 942 | _n0 | ||
| 999 |
_c71563 _d71563 |
||